Countries with National Hockey League Players - Statistics

General Stats
  • This quiz has been taken 116 times
  • The average score is 9 of 11
Answer Stats
# Players Country % Correct
1354 United States of America
100%
5361 Canada
99%
380 Kingdom of Sweden
99%
86 Russian Federation
97%
247 Republic of Finland
95%
39 Federal Republic of Germany
90%
34 Czech Republic
79%
49 United Kingdom of Great Britain and Northern Ireland
73%
41 Swiss Confederation
72%
241 Union of Soviet Socialist Republics
44%
294 Czechoslovakia
38%
No matching quizzes found
Score Distribution
Percent of People with Each Score
Percentile by Number Answered
Your Score History
You have not taken this quiz